[Event "Dhaka Metropolis op U2100"]
[Site "Dhaka"]
[Date "2022.10.17"]
[Round "1"]
[White "Syed, Mahabubur Rashid"]
[Black "Mohammad, Javed"]
[Result "0-1"]
[WhiteElo "1554"]
[BlackElo "2056"]
[PlyCount "68"]
[EventDate "2022.10.17"]
[EventType "swiss"]
[EventRounds "9"]
[EventCountry "BAN"]
[SourceTitle "EXT 2024"]
[Source "ChessBase"]
[SourceDate "2023.10.10"]
[SourceVersion "1"]
[SourceVersionDate "2023.10.10"]
[SourceQuality "1"]

1. e4 c5 2. Nc3 Nc6 3. a3 e6 4. Bc4 Nf6 5. d3 d5 6. exd5 exd5 7. Ba2 h6 8. Nf3 Be7 9. h3 0-0 10. 0-0 Be6 11. d4 c4 12. Ne2 Ne4 13. c3 Bd6 14. Bb1 f5 15. Bf4 g5 16. Bxd6 Qxd6 17. Nd2 Nxd2 18. Qxd2 f4 19. f3 Ne7 20. Bc2 Bf5 21. Rae1 Bxc2 22. Qxc2 Nf5 23. Rf2 Rae8 24. Qd2 Qe6 25. Kf1 Re7 26. Rc1 Rfe8 27. Re1 Qe3 28. Rd1 Qd3 29. Qxd3 cxd3 30. Rxd3 Ng3+ 31. Kg1 Nxe2+ 32. Kh2 Ng3 33. Rd1 Re1 34. Rfd2 Nf1+ 0-1